Normal view
MARC view
- Artin, Emil
Entry Personal Name
001 - CONTROL NUMBER
- control field: 102529
003 - CONTROL NUMBER IDENTIFIER
- control field: NUST
005 - DATE AND TIME OF LATEST TRANSACTION
- control field: 20221111084034.0
008 - FIXED-LENGTH DATA ELEMENTS
- fixed length control field: 221111|| aca||aabn | a|a d
040 ## - CATALOGING SOURCE
- Original cataloging agency: NUST
- Transcribing agency: NUST
100 ## - HEADING--PERSONAL NAME
- Personal name: Artin, Emil
670 ## - SOURCE DATA FOUND
- Source citation: Work cat.: (NUST)188720: Artin, Emil,, Galois theory / , 1998.
